000 00994cam a2200289 i 4500
001 20320
003 CO-MdFUSB
005 20180622074838.0
008 160822b xxu||||| |||| 00| 0 eng d
020 _a978-0-8006-9791-4
040 _cCO-MdFUSB
_dCO-MdFUSB
_bEspañol
_erda
041 _aeng
082 _224
_a232.09
_bSC435p
100 1 _aScroggs, Robin
245 1 4 _aThe people's Jesus
_b: Trajectories in early Christianity /
_c Robin Scroggs ; Edited by Marshall D. Johnson
264 _aMinneapolis, Minnesota :
_bFortress Press,
_c2011
300 _axiii, 241 páginas
336 _2rdacontent
_a1
_ba1
337 _2rdamedia
_a2
_b5
338 _2rdacarrier
_a2
_b5
500 _aIncluye índice (p. 234-241)
501 _aPasta dura
505 0 0 _aJesús en la piedad popular de las primeras iglesias - Jesús en los escritos del Nuevo Testamento.
600 0 7 _aJesucristo
_ven la biblia
630 7 _aBiblia.
_pNuevo Testamento
_xCrítica, interpretación, etc.
942 _cBK
999 _c46671
_d46671